| 000 | 00703nas a2200241 4500 | ||
|---|---|---|---|
| 001 | BR7305913 | ||
| 003 | BR-BrBNA | ||
| 005 | 20231205082544.0 | ||
| 007 | ta | ||
| 008 | 230509b bl.|||p| |||| 00| 00por d | ||
| 040 |
_aBR-BrBNA _bpor _cBiblioteca Nacional de Agricultura |
||
| 041 | _a(Pt) | ||
| 072 | _aF60; F40 | ||
| 100 | 1 | _aRizzini, C.T. | |
| 245 | 1 | _aInfluencia da temperatura sobre a germinacao de Diasporos do cerrado | |
| 650 | _aGERMINACAO | ||
| 650 | _aTEMPERATURA | ||
| 650 | _aARVORE GIMNOSPERMA | ||
| 650 | _aCERRADO | ||
| 773 | 0 |
_tRodriguesia (Brazil) _xISSN 0370-6583 _g(1976), v. 28(41) p. 341-383 _wBR7305913 |
|
| 909 |
_a202311 _bLúcia _c55 _dLúcia Elande |
||
| 942 |
_2AGRIS _n0 _cANA |
||
| 999 |
_c92767 _d92767 |
||